Welcome to CU Library Online Public Access Catalogue (OPAC)

Social Warefare (Record no. 2041)

MARC details
000 -LEADER
fixed length control field 00430nam a22001577a 4500
005 - DATE AND TIME OF LATEST TRANSACTION
control field 20241210154001.0
008 - FIXED-LENGTH DATA ELEMENTS--GENERAL INFORMATION
fixed length control field 241210b |||||||| |||| 00| 0 eng d
020 ## - INTERNATIONAL STANDARD BOOK NUMBER
International Standard Book Number 0-11-701732-9
050 ## - LIBRARY OF CONGRESS CALL NUMBER
Classification number HV11.8
Item number SOC
110 ## - MAIN ENTRY--CORPORATE NAME
Corporate name or jurisdiction name as entry element HMSO Publications;
Subordinate unit HMSO Publications Centre;
Location of meeting London
245 ## - TITLE STATEMENT
Title Social Warefare
260 ## - PUBLICATION, DISTRIBUTION, ETC.
Place of publication, distribution, etc. London
Name of publisher, distributor, etc. HMSO Publications
Date of publication, distribution, etc. c1993
300 ## - PHYSICAL DESCRIPTION
Extent 94p;
Other physical details ill.;
500 ## - GENERAL NOTE
General note INCLUDES INDEX
942 ## - ADDED ENTRY ELEMENTS (KOHA)
Source of classification or shelving scheme Library of Congress Classification
Koha item type Books
Suppress in OPAC No
999 ## -
-- 2041
-- 2041
Holdings
Withdrawn status Lost status Source of classification or shelving scheme Damaged status Not for loan Collection Home library Current library Shelving location Date acquired Total checkouts Full call number Barcode Date last seen Copy number Price effective from Koha item type
    Library of Congress Classification     Non-fiction Undergraduate Library (Christ Temple) Undergraduate Library (Christ Temple) General stacks 12/10/2024   HV11.8 SOC ulct00000575 12/10/2024 1 12/10/2024 Books
© 2023-2024 Copyright: Central University Libraries. All Rights Reserved | Created by: Mahone Tech Office